000 00460nam a2200181Ia 4500
001 16660
005 20260306170326.0
008 260306t2017||||xx |||||||||||||| ||und||
041 _aESP
082 _a349.1
_bA71
100 _aArgüello, Luis Rodolfo,
_eAUT
245 0 _aManual de derecho romano :
_bhistoria e instituciones
260 _c2017
300 _axxxi, 608 páginas :
_c20 cm.
650 _aGEN
654 _aCDE
942 _cLIB
_dJUS
_fJUS
_2ddc
_n
999 _c16660
_d16660